| 000 | 00492nam a2200181 a 4500 | ||
|---|---|---|---|
| 001 | 3996 | ||
| 005 | 20140414131921.0 | ||
| 008 | 040601s19uu xx 00 eng d | ||
| 020 | _a1-56144-738-2 | ||
| 050 |
_aER _bSi1 1995 |
||
| 100 | _aAstrop, Caroline | ||
| 245 |
_aSize / _cwritten and illustrated by Caroline and John Astrop. |
||
| 260 |
_aNew York : _bModern, _c1995. |
||
| 300 | _a[23] p. : ill. ; cm. | ||
| 440 | _aMy First Learning Series | ||
| 650 | _aSizes. | ||
| 999 |
_c111742 _d111742 |
||